Sándor Ferenczi : La psychanalyse autrement (notice n° 1567402)

détails MARC
000 -LEADER
fixed length control field 01427cam a2200133 4500500
005 - DATE AND TIME OF LATEST TRANSACTION
control field 20251214002753.0
041 ## - LANGUAGE CODE
Language code of text/sound track or separate title fre
042 ## - AUTHENTICATION CODE
Authentication code dc
100 10 - MAIN ENTRY--PERSONAL NAME
Personal name Prado de Oliveira, Luiz Eduardo
Relator term author
245 00 - TITLE STATEMENT
Title Sándor Ferenczi : La psychanalyse autrement
260 ## - PUBLICATION, DISTRIBUTION, ETC.
Name of publisher, distributor, etc. Armand Colin,<br/>
Date of publication, distribution, etc. 2011.<br/>
520 ## - SUMMARY, ETC.
Summary, etc. Sándor Ferenczi, psychiatre et psychanalyste hongrois (1873-1933), est sans doute le disciple le plus paradoxal de Freud, à la fois proche et critique, fidèle et novateur, méthodique et effervescent. C’est en explorant les voies ouvertes par Freud qu’il a introduit de nouvelles pratiques cliniques. Cet ouvrage retrace le parcours théorique et personnel de ce maître hongrois en s’attachant à décrire l’originalité de sa pensée et de ses innovations cliniques - technique active, introjection, amphimixie - à partir de ses écrits et de sa correspondance avec Freud. Ferenczi est l’un des véritables fondateurs de la formation analytique. Suffit-il de dire que Melanie Klein, Michaël Balint, Lacan et Winnicott ont été ses héritiers, et qu’il est à l’origine de nombreuses expériences cliniques telles que la relaxation ou la relation médecin-patient, pour mesurer son importance ? Ferenczi est aussi le psychanalyste qui nous a appris à questionner toutes nos certitudes.
856 41 - ELECTRONIC LOCATION AND ACCESS
Uniform Resource Identifier <a href="https://shs.cairn.info/sandor-ferenczi--9782200272241?lang=fr&redirect-ssocas=7080">https://shs.cairn.info/sandor-ferenczi--9782200272241?lang=fr&redirect-ssocas=7080</a>

Pas d'exemplaire disponible.

PLUDOC

PLUDOC est la plateforme unique et centralisée de gestion des bibliothèques physiques et numériques de Guinée administré par le CEDUST. Elle est la plus grande base de données de ressources documentaires pour les Étudiants, Enseignants chercheurs et Chercheurs de Guinée.

Adresse

627 919 101/664 919 101

25 boulevard du commerce
Kaloum, Conakry, Guinée

Réseaux sociaux

Powered by Netsen Group @ 2025